| 000 | 00736nam a2200241 a 4500 | ||
|---|---|---|---|
| 001 | BRCA_8207 | ||
| 005 | 20190320210157.0 | ||
| 008 | 150514s1954----u--####f##---#000-0#eng-# | ||
| 041 | _aeng | ||
| 044 | _au | ||
| 050 | 4 |
_aHQ18 _b.A53 1954 |
|
| 245 | 1 | 0 |
_aAn analysis of the Kinsey reports _bon sexual behavior in the human male and female _cEdited by Donald Porter Geddes. |
| 260 |
_aEstados Unidos _bThe New American Library _c1954 |
||
| 300 |
_a319 p. _c18 cm. |
||
| 440 | 0 |
_aA mentor book _n108 _920454 |
|
| 500 | _aU94 | ||
| 600 | 1 | 4 |
_aKinsey, Alfred _d1894-1956 _920455 |
| 650 | 1 | 4 |
_aComportamiento humano _920456 |
| 650 | 1 | 4 |
_aSexualidad _920457 |
| 700 | 1 |
_aPorter Geddes, Donald _eed. _920458 |
|
| 902 | _aGFM | ||
| 942 |
_2lcc _cB |
||
| 999 |
_c7875 _d7875 |
||